000
00322nam a22001337a 4500
008
160520b xxu||||| |||| 00| 0 eng d
020
_a
9780674027138
020
_a
9780674027138
020
_a
0674027132
041
_a
eng
080
_a
579
245
_a
A Guinea pigs history of biology;
_c
Jim Endersby;
942
_2
udc
_c
BK
999
_c
2313
_d
2313